Missing Word: 'T' Authors Quiz Stats

 Plays Quiz Updated Jul 27, 2016

Challenge
Share
Tweet
Embed
Score 0/20 Timer 03:00
0 Plays Today
Author Answer % Correct
_____ CapoteTruman
97.8%
J.R.R. _____Tolkien
95.8%
Mark _____Twain
94.2%
Leo _____Tolstoy
93.4%
Henry David _____Thoreau
86.1%
_____ MorrisonToni
85.6%
_____ WilliamsTennessee
82.3%
Amy _____Tan
77.7%
_____ MannThomas
77.4%
Hunter S. _____Thompson
76.2%
Author Answer % Correct
Samuel _____ ColeridgeTaylor
64.3%
_____ PratchettTerry
59.4%
_____ DreiserTheodore
52.7%
_____ WilderThornton
51.9%
_____ O'BrienTim
44.8%
Booth _____Tarkington
31.7%
Ivan _____Turgenev
19.4%
James _____Thurber
14.8%
_____ JanssonTove
9%
Harry _____Turtledove
7.8%

Today's Daily Dose

Missing Word
Entertainment 'M'

Word Ladder
North Carolina

On This Day
January 16th II

You're not logged in!

Compare scores with friends on all Sporcle quizzes.
OR
Log In

You Might Also Like...

Show Comments

Extras

Top Quizzes Today


Score Distribution

Your Account Isn't Verified!

In order to create a playlist on Sporcle, you need to verify the email address you used during registration. Go to your Sporcle Settings to finish the process.

Report this User

Report this user for behavior that violates our Community Guidelines.

Details: